00363nam a2200157Ia 4500003000400000005001700004008004000021040000700061041001200068082001500080100003300095245002600128250000600154260003000160300001500190OSt20250709101859.0210210b1972 xxu||||| |||| 00| 0 eng d cAL aEnglish a589.2 ALEI aConstantine John Alexopoulos aIntroductory mycology a2 aNew DelhibWE Ltd.c1972 axviii,613p